000 00318nam a22001337a 4500
008 171002b xxu||||| |||| 00| 0 eng d
020 _a9780801305702
041 _aeng
080 _a37
100 _a47
101 _aEDU
245 _aFIRST LATIN A LANGUAGE DISCOVERY PROGRAM
_cPOLSKY.M
942 _2udc
_cBK
999 _c31161
_d31161